000 00369nam a22001451a 4500
082 _aM3
_bPVK/S
100 _aP V K Panayal
245 _aSuryapettu/
_cby P V K Panayal
260 _aKottayam:
_bSahitya Pravartaka Cooperative Society,
_c2000.
300 _a98p.
650 _aNovel Malayalam
650 _aLiterature Malayalam
650 _aLiterature
942 _cBK
999 _c45476
_d45476